Southville International School and Colleges
Your cart is empty.
  • Cart
  • Lists
    Public lists Eva Luna New books Lux_list list_1
    Your lists Log in to create your own lists
  • Log in to your account
  • Your cookies
  • Search history
Southville International School and Colleges
  • Advanced search
  • Recent comments
  • Most popular
  • Libraries

Log in to your account

Log in with GOOGLE


If you do not have an external account, but do have a local account, you can still log in:

  1. Home
  2. MARC view: Guinness World Records 2014 /
Normal view MARC view ISBD view

Guinness World Records 2014 / (Record no. 115490)

[ view plain ]
MARC details
000 -LEADER
fixed length control field 00507nam a22001937a 4500
003 - CONTROL NUMBER IDENTIFIER
control field OSt
005 - DATE AND TIME OF LATEST TRANSACTION
control field 20140425101258.0
008 - FIXED-LENGTH DATA ELEMENTS--GENERAL INFORMATION
fixed length control field 130704t xxu||||| |||| 00| 0 eng d
020 ## - INTERNATIONAL STANDARD BOOK NUMBER
International Standard Book Number 0851121802
050 ## - LIBRARY OF CONGRESS CALL NUMBER
Classification number AG 243
Item number .G87 2014
100 ## - MAIN ENTRY--PERSONAL NAME
Personal name Glenday, Craig
245 ## - TITLE STATEMENT
Title Guinness World Records 2014 /
Remainder of title Craig Glenday
260 ## - PUBLICATION, DISTRIBUTION, ETC. (IMPRINT)
Place of publication, distribution, etc USA :
Name of publisher, distributor, etc Guinness World record,
Date of publication, distribution, etc 2014.
300 ## - PHYSICAL DESCRIPTION
Extent 273 p. :
Other physical details ill. : col. ;
Dimensions 32 cm.
500 ## - GENERAL NOTE
General note Includes index
562 ## - COPY AND VERSION IDENTIFICATION NOTE
Number of copies 1
942 ## - ADDED ENTRY ELEMENTS (KOHA)
Source of classification or shelving scheme Library of Congress Classification
Koha item type Books
Holdings
Withdrawn status Lost status Source of classification or shelving scheme Damaged status Home library Current library Shelving location Date acquired Sub Shelving location Total Checkouts Full call number Barcode Date last seen Copy number Price effective from Koha item type
    Library of Congress Classification   Luxembourg Library Luxembourg Library Reference Section 04/25/2014     AG 243 .G87 2014 19601 07/18/2017 1 04/25/2014 Books

Guinness World Records 2014 /

APA

Glenday C., . (2014). Guinness World Records 2014. USA: Guinness World record.

Chicago

Glenday Craig, . 2014. Guinness World Records 2014. USA: Guinness World record.

Harvard

Glenday C., . (2014). Guinness World Records 2014. USA: Guinness World record.

MLA

Glenday Craig, . Guinness World Records 2014. USA: Guinness World record. 2014.

  • Place hold
  • Print
  • Cite
  • Add to your cart (remove)
  • Save record
    BIBTEX Dublin Core MARCXML MARC (non-Unicode/MARC-8) MARC (Unicode/UTF-8) MARC (Unicode/UTF-8, Standard) MODS (XML) RIS
  • More searches
    Search for this title in:
    Other Libraries (WorldCat) Other Databases (Google Scholar) Online Stores (Bookfinder.com) Open Library (openlibrary.org)

Exporting to Dublin Core...

SOUTHVILLE LIBRARY

Southville International School and Colleges Library

1281 Tropical Ave. Cor. Luxembourg St., BF Homes International, Las Pinas City

Tel. No. 8256374 / 252358 Loc. 117/146

Powered by Koha